000 01343nam a2200277Ia 4500
999 _c42034
_d42034
001 8724
003 GE_BSU
005 20240529173426.0
008 181216s2011||||ge |||||||||||||| ||geo||
040 _cGE_BSU
041 _ageo
080 _a821.353.1-31+821.353.1-32 დ–90
100 _aდუმბაძე, ნოდარ
_91321
245 _aრჩეული ნაწარმოებები : 6 ტომად. ტ. 3, მზიანი ღამე :
_bრომანი. მოთხრობები /
_cნოდარ დუმბაძე ; რედ. ზურაბ აბაშიძე, მანანა ჯანელიძე, ირმა ხარშილაძე.
264 _aთბილისი :
_bპალიტრა L,
_c2011.
300 _a424 გვ. ;
_c19 სმ.
541 _h8ლ.
653 _aმზიანი ღამე
653 _aმოთხრობები
653 _aრომანი
653 _aრჩეული ნაწარმოებები
700 _aაბაშიძე, ზურაბ
_eრედაქტორი
_91322
700 _aჯანელიძე, მანანა
_e რედაქტორი
_91323
700 _aხარშილაძე, ირმა
_e რედაქტორი
_91324
942 _cBK
_2udc